000 01449nam a2200349 a 4500
001 ebr10426312
003 CaPaEBR
006 m u
007 cr cn|||||||||
008 100719s2010 enkab sb 001 0 eng c
010 _z 2010293367
015 _aGBA9B4466
_2bnb
016 7 _z015427956
_2Uk
020 _z9781845119430 (hbk.)
020 _z1845119436 (hbk.)
040 _aCaPaEBR
_cCaPaEBR
035 _a(OCoLC)682881983
043 _aa-is---
050 1 4 _aGV1703.I75
_bR685 2010eb
100 1 _aRowe, Nicholas,
_d1968-
245 1 0 _aRaising dust
_h[electronic resource] :
_ba cultural history of dance in Palestine /
_cNicholas Rowe.
260 _aLondon ;
_aNew York, NY :
_bI.B. Tauris ;
_aNew York, NY :
_bDistributed in the United States and Canada exclusively by Palgrave Macmillan,
_c2010.
300 _axii, 244 p. :
_bill. (some col.), map.
504 _aIncludes bibliographical references and index.
533 _aElectronic reproduction.
_bPalo Alto, Calif. :
_cebrary,
_d2013.
_nAvailable via World Wide Web.
_nAccess may be limited to ebrary affiliated libraries.
650 0 _aDance
_zPalestine
_xHistory.
650 0 _aDance
_xSocial aspects
_zPalestine.
651 0 _aPalestine
_xSocial life and customs.
655 7 _aElectronic books.
_2local
710 2 _aebrary, Inc.
856 4 0 _uhttp://site.ebrary.com/lib/rucke/Doc?id=10426312
_zAn electronic book accessible through the World Wide Web; click to view
999 _c142769
_d142769